| 000 | 00780nam a2200217Ia 4500 | ||
|---|---|---|---|
| 003 | OSt | ||
| 005 | 20260107132833.0 | ||
| 008 | 221208s2022 xx 000 0 und | ||
| 040 | _c. | ||
| 100 | _aLonkar, Pramiti | ||
| 245 | 0 |
_aImpact of Digital financial Services on The Financial Needs of Women Owned MSMES : _bA Case Study In Bengaluru / _cPramiti Lonkar |
|
| 260 |
_aBangalore : _bNLSIU, _c2022. |
||
| 300 |
_a63 p. ; _c24 cm. |
||
| 650 | _aDigital financial service | ||
| 650 | _aMicro and small enterprise | ||
| 650 | _aWomen led MSME’s - Privacy and security concern | ||
| 650 | _aWomen led MSME’s – Need for technical assistance | ||
| 700 | _aProf. Babu Mathew - Supervisor | ||
| 856 | _uhttps://dans.nls.ac.in/handle/123456789/1107 | ||
| 942 |
_cDIS _2ddc |
||
| 999 |
_c211610 _d211610 |
||